In My Feelings (Spanish Version) - Juhn - Estadísticas

Estadísticas generales
  • Esta prueba ha sido intentada 104 veces
  • La puntuación promedio es 167 de 345
Estadísticas de respuestas
Letra % Correcto
en
100%
mi
100%
100%
100%
se
100%
50
50%
a
50%
aburres
50%
Algo
50%
All
50%
amarrarte
50%
ames
50%
atrevas
50%
atreves
50%
Baby,
50%
baby)
50%
besito
50%
cama
50%
castigo
50%
chingar
50%
cojo
50%
coming
50%
con
50%
contigo
50%
cuando
50%
cuándo
50%
de
50%
dentro
50%
dice
50%
dicen
50%
dices
50%
dime
50%
el
50%
El
50%
Emil
50%
es
50%
eso
50%
Eso
50%
Esta
50%
Este
50%
(ey)
50%
(Ey,
50%
ey)
50%
hacer
50%
hoy
50%
Hoy
50%
jajaja
50%
Jugar
50%
Juhn
50%
la
50%
las
50%
lengua
50%
llama
50%
lo
50%
los
50%
Ma'
50%
ma',
50%
mami
50%
me
50%
(Me
50%
miedo
50%
negarme
50%
no
50%
No
50%
noche
50%
o
50%
ojos
50%
ombligo
50%
Oye
50%
pa'
50%
pare
50%
pasarte
50%
pero
50%
Poner
50%
poquito
50%
por
50%
primer
50%
puedes
50%
que
50%
Que
50%
quieres
50%
quiero
50%
Quiero
50%
quita,
50%
Santana
50%
si
50%
Si
50%
sigo
50%
sólo
50%
sombras
50%
sonar
50%
soon
50%
Star
50%
Star,
50%
te
50%
Te
50%
tienes
50%
50%
50%
tus
50%
un
50%
veo
50%
viene'
50%
vo'
50%
voy
50%
Voy
50%
Y
50%
y
50%
Ya
50%
yo
50%
Yo
50%
Cáele
0%
casa
0%
compro
0%
condones
0%
Confía
0%
cueva
0%
digo
0%
esperas
0%
gustar
0%
hacerte
0%
llámame
0%
llueva
0%
meterte
0%
moteles,
0%
muñequita
0%
Muñequita
0%
Musa
0%
Netflix
0%
pago
0%
prometo
0%
prueba
0%
Pues
0%
ready
0%
tengas
0%
tengo
0%
textea
0%
una
0%
va
0%
ver
0%
Wuh
0%
No se encontraron pruebas coincidentes
Distribución de puntuación
Porcentaje de gente con cada puntuación
Porcentaje por número respondido
Historial de tus puntuaciones
No has intentado esta prueba.